000 00570nam a2200241Ia 4500
005 20260320201026.0
008 008 262003s9999 xx 000 0 eng d
037 _aEBOOK
040 _aCRL
040 _beng
040 _cCRL
041 _2eng
041 _aeng
084 _qCRL
100 _aEl-Hawary
_91134063
245 0 _aElectric Power Applications of Fuzzy Systems
260 _bIEEE
260 _c1998
856 _uhttps://ieeexplore.ieee.org/servlet/opac?bknumber=5266264
942 _cEBOOK
999 _c1718361
_d1718361